Eliminating the rhetoric : an evaluation of the halt-phase strategy /

Bibliographic Details
Main Author: Nowland, Mark C.
Corporate Authors: Air University (U.S.). Press, Air University (U.S.). School of Advanced Airpower Studies
Format: Government Document Thesis Book
Language:English
Published: Maxwell Air Force Base, Ala. : Air University Press, [2001]
Subjects:
Online Access:https://purl.fdlp.gov/GPO/LPS39146

MARC

Tag First Indicator Second Indicator Subfields
LEADER 00000cam a2200000Ka 4500
001 in00001789618
005 20211202200712.0
006 m d f
008 031029s2001 alu s f000 0 eng d
035 |a (OCoLC)ocm53310286 
040 |a GPO  |c GPO  |d MvI  |d UtOrBLW 
049 |a WWW 
074 |a 0422-K-02 (online) 
086 0 |a D 301.26/6-9:2004002926 
100 1 |a Nowland, Mark C. 
245 1 0 |a Eliminating the rhetoric :  |b an evaluation of the halt-phase strategy /  |c Mark C. Nowland. 
246 3 0 |a Evaluation of the halt-phase strategy 
264 1 |a Maxwell Air Force Base, Ala. :  |b Air University Press,  |c [2001] 
336 |a text  |b txt  |2 rdacontent 
337 |a computer  |b c  |2 rdamedia 
338 |a unspecified  |b zu  |2 rdacarrier 
538 |a System requirements: Adobe Acrobat Reader. 
538 |a Mode of access: Internet from the Air University Press web site. Address as of 2/25/04: http://www.maxwell.af.mil/au/aul/aupress/SAAS_Theses/Nowland/nowland.pdf; current access is available via PURL. 
500 |a Title from title screen (viewed on Oct. 29, 2003). 
500 |a "February 2001." 
502 |c School of Advanced Airpower Studies, Maxwell Air Force Base, Ala.-99.  |d 1998-99. 
504 |a Includes bibliographical references. 
500 |a Electronic resource. 
650 0 |a Air warfare. 
650 0 |a Strategy. 
776 0 |a Nowland, Mark C.  |t Eliminating the rhetoric : an evaluation of the halt-phase strategy  |h ix, 72 p.  |w (OCoLC)46663833 
710 2 |a Air University (U.S.).  |b Press. 
710 2 |a Air University (U.S.).  |b School of Advanced Airpower Studies. 
856 4 0 |u https://purl.fdlp.gov/GPO/LPS39146  |t 0 
999 |a MARS 
999 f f |s a63548ea-4c3a-392a-9c2e-41f07b036253  |i e52111d2-f489-369b-8f44-28fafcd07ee6  |t 0 
952 f f |a Texas A&M University  |b College Station  |c Electronic Resources  |d Available Online  |t 0  |e D 301.26/6-9:2004002926  |h Superintendent of Documents classification 
998 f f |a D 301.26/6-9:2004002926  |t 0  |l Available Online